000
00210 a2200097 4500
001
39937
100
_a
Harmatz, M G
245
_a
Human Sexuality
260
_a
New York
_b
Harper & Row
_c
090
_c
24928
_d
24928
942
_a
NUST-CAE
_c
M
_c
16589
999
_c
275010
_d
275010